Ứng dụng của đạo hàm trong giải toán THPT

Đạo hàm của hàm số một biến số thực. Ứng dụng của đạo hàm trong giải tích. Ứng dụng của đạo hàm trong giải toán THPT

Đã lưu trong:
Chi tiết về thư mục
Tác giả chính: Nguyễn Thị Tuyết Nga
Tác giả khác: Cao Văn Nuôi TS. (Hướng dẫn)
Định dạng: Sách
Ngôn ngữ:Vietnamese
Được phát hành: Đà Nẵng Đại học Đà Nẵng 2015
Những chủ đề:
Các nhãn: Thêm thẻ
Không có thẻ, Là người đầu tiên thẻ bản ghi này!
Thư viện lưu trữ: Mạng thư viện Đại học Đà Nẵng
LEADER 01569nam a2200349 4500
001 000023744
003 20197
005 20160323090324.0
008 160222s2015 viesd
041 |a vie 
082 1 4 |a 515.8  |b NG-N 
100 1 |a Nguyễn Thị Tuyết Nga 
245 1 |a Ứng dụng của đạo hàm trong giải toán THPT  |c Nguyễn Thị Tuyết Nga ; Cao Văn Nuôi hướng dẫn.  |k Luận văn Thạc sĩ 
260 |a Đà Nẵng  |b Đại học Đà Nẵng  |c 2015 
300 |a 37 tr. ; phụ lục 3 tr.  |c 29 cm.  |e Tóm tắt 
500 |a Luận văn thạc sĩ Khoa học. Chuyên ngành: Phương pháp toán sơ cấp. Mã số: 60.46.01.13 
520 3 |a Đạo hàm của hàm số một biến số thực. Ứng dụng của đạo hàm trong giải tích. Ứng dụng của đạo hàm trong giải toán THPT 
650 0 4 |a Đạo hàm (toán học)  |v Luận văn tốt nghiệp  |x Ứng dụng 
653 |a Phương pháp toán sơ cấp 
653 |a Đạo hàm (toán học) 
653 |a Giáo dục THPT 
700 1 |a Cao Văn Nuôi  |c TS.  |e Hướng dẫn 
OWN |a LSP 
AVA |a UDN50  |b LSP  |d 515.8 NG-N  |e available  |t Error 5001 Not defined in file expand_doc_bib_avail.  |f 1  |g 0  |h N  |i 0  |k 1 
999 |a From the UDN01 
AVA |a UDN50  |b LSP  |d 515.8 NG-N  |e available  |t Error 5001 Not defined in file expand_doc_bib_avail.  |f 1  |g 0  |h N  |i 0  |k 1 
TYP |a Monograph 
TYP |a Printed language 
980 |a Mạng thư viện Đại học Đà Nẵng